Dr House General Quiz - Easy Level - Statistics

General Stats
  • This quiz has been taken 353 times
    319 since last reset
  • The average score is 7 of 10
Answer Stats
Question Answer % Correct
What is his first name? Gregory
99%
Which leg did he have the infarction in? (his POV) Right
92%
What is the full name of his best and only friend? James Wilson
91%
What is the name of the medicine he is addicted to? Vicodin
86%
What is the first name of his boss? Lisa
85%
What is House's most common used phrase? Hint: everybody _____. Lies
80%
What are the last names of House's team on season 1? (separate by comma, alphabetically sorted) Cameron,Chase,Foreman
69%
What is the full name of the hospital he is working at? Princeton Plainsboro Teaching Hospital
38%
What is the specialty of his boss? Endocrinology
16%
What is the nick name of the janitor who Dr.House bounced ideas off of in season 4? Dr.Buffer|Buffer
7%
No matching quizzes found
Score Distribution
Percent of People with Each Score
Percentile by Number Answered
Your Score History
You have not taken this quiz since the last reset